| 000 | 01104cad a22002655a 4500 | ||
|---|---|---|---|
| 001 | L158223 | ||
| 002 | 19958 | ||
| 008 | 130206s2014 xxk f 000 0 eng d | ||
| 020 | _a9781783210671 | ||
| 035 | _a(Sirsi) u158223 | ||
| 041 | 0 | _aeng | |
| 110 | 2 |
_aRoyal Institution of Chartered Surveyors _94900 |
|
| 245 | 0 | 0 |
_aOverview of a 5D BIM project _h[electronic resource] |
| 250 | _a1st ed | ||
| 260 |
_aLondon _bRICS _c2014 |
||
| 300 | _a16p | ||
| 490 | 0 | _aRICS Information Paper | |
| 520 | _aThrough consultation with RICS, Henry Riley LLP was invited to write an information paper based on its experience of 5D BIM throughout 2012 and 2013. There is particular focus on a project in which an RICS NRM 1 pricing document based on quantification from a BIM model was issued for tender. | ||
| 590 | _aKA | ||
| 650 | 2 | 4 | _aNEW RULES OF MEASUREMENT 1 |
| 651 | 4 |
_aUnited Kingdom _y |
|
| 690 |
_aBIM _96219 |
||
| 856 | 4 | 0 |
_uhttps://www.rics.org/Documents/Overview_of_5D_BIM_project_1st_edition_PGguidance_2014.pdf _zView the guidance free of charge (member-only content) at www.rics.org |
| 942 | _n0 | ||
| 999 |
_c115208 _d115208 |
||